| 000 | 00465nam a2200145Ia 4500 | ||
|---|---|---|---|
| 041 | _aArabic | ||
| 082 | _a347 cut-389 م | ||
| 100 | _a20260118u\\\\\\\\\\\y0engy0103\\\\ba | ||
| 100 | _aد.سيد احمد محمود | ||
| 245 | 0 | _aالاجراءات المختصرة في القضية الموضوعية دراسة مقارنة | |
| 250 | _aط1 | ||
| 260 |
_bدار الكتب القانونية _aالقاهرة - مصر _c2007 |
||
| 300 | _a44 | ||
| 942 | _cBk | ||
| 999 |
_c188962 _d188962 |
||